Novo clube de história 7: livro do professor

Gespeichert in:
Bibliographische Detailangaben
1. Verfasser: Neves, Pedro Almiro
Format: keine Angabe
Sprache:Portugiesisch
Erschienen: Porto Porto Editora 2002
Ausgabe:1ª ed.]
Katalog:MANES:  Suchergebnis im Bibliothekskatalog
Schulbuchspezifische Eigenschaften:
Tags: Tag hinzufügen
Keine Tags, Fügen Sie den ersten Tag hinzu!
Hinzugefügt zu:26.04.2016
Geändert in:25.04.2025

MARC

LEADER 000000000a22000000004500
001 33298
003 OSt
005 20250425111643.0
008 160427s2002 po 00| 0 por d
041 |a por 
043 |a Portugal 
561 |5 pt-BNP  |a Portugal. Biblioteca Nacional de Portugal  |k MANES 
691 |a SE 
100 1 |a Neves, Pedro Almiro  |9 15047 
245 0 0 |a Novo clube de história 7: livro do professor 
250 |a 1ª ed.] 
260 3 |a Porto  |b Porto Editora  |c 2002 
300 |a 111 p.;  |c 29 cm 
690 |a HI 
942 |2 ddc  |c BK 
546 |a Portugal 
999 |c 37136  |d 37136 
999 |c manes:37136  |d 37136